| 000 | 00586caa a22001572a 4500 | ||
|---|---|---|---|
| 001 | 013139 | ||
| 003 | AR-FADEU | ||
| 008 | 311216n########xxu####################dd | ||
| 092 |
_a823.8 _bW671n |
||
| 100 | _aWilde, Oscar | ||
| 245 | _aEl joven rey | ||
| 300 | _aPP. 321-338 | ||
| 500 | _aEn: Novelas y cuentos, teatro, poemas en prosa, ensayos, cartas y otros escritos / Oscar Wilde. Madrid : EDAF, 1969 | ||
| 942 | _cBDGR | ||
| 773 | 0 |
_018514 _919084 _aWilde, Oscar _b _dMadrid _o04322 _tNovelas y cuentos, teatro, poemas en prosa, ensayos, cartas y otros escritos _w( AR-FADEU) 012746 _x _z |
|
| 999 |
_c18907 _d18907 |
||